Good design for housing market renewal (Record no. 72940)
[ view plain ]
| 000 -LEADER | |
|---|---|
| fixed length control field | 01179cam a2200217 4500 |
| 001 - CONTROL NUMBER | |
| control field | WB3924-13 |
| 008 - FIXED-LENGTH DATA ELEMENTS--GENERAL INFORMATION | |
| fixed length control field | 030626n2003 000 0 eng u |
| 035 ## - SYSTEM CONTROL NUMBER | |
| System control number | (Sirsi) u122765 |
| 245 ## - TITLE STATEMENT | |
| Title | Good design for housing market renewal |
| 260 ## - PUBLICATION, DISTRIBUTION, ETC. | |
| Date of publication, distribution, etc. | 2003 |
| 490 ## - SERIES STATEMENT | |
| Series statement | Housing Today |
| Volume/sequential designation | (338) 20 June 2003, 8(1) |
| 520 ## - SUMMARY, ETC. | |
| Summary, etc. | Five key agencies - Commission for Architecture and the Built Environment (CABE), Commission for Integrated Transport, Environment Agency and Sustainable Development Commission - have made a joint statement setting what strategies make housing market renewal a success. These include enhancing historic buildings, valuing older urban areas and their networks, using good design, sustainable development and energy-efficient homes and benchmarking for quality. Copies of "Building sustainable communites: actions for housing market renewal" is available on the CABE website, http://www.cabe.org.uk, under Publications. |
| 590 ## - LOCAL NOTE (RLIN) | |
| Local note | WB |
| 650 ## - SUBJECT ADDED ENTRY--TOPICAL TERM | |
| Topical term or geographic name entry element | HOUSING MARKET RENEWAL |
| 650 ## - SUBJECT ADDED ENTRY--TOPICAL TERM | |
| Topical term or geographic name entry element | URBAN REGENERATION |
| 650 ## - SUBJECT ADDED ENTRY--TOPICAL TERM | |
| Topical term or geographic name entry element | REGENERATION SCHEMES |
| 650 ## - SUBJECT ADDED ENTRY--TOPICAL TERM | |
| Topical term or geographic name entry element | REGENERATION AGENCIES |
| 650 ## - SUBJECT ADDED ENTRY--TOPICAL TERM | |
| Topical term or geographic name entry element | GOVERNMENT POLICY |
| 690 ## - LOCAL SUBJECT ADDED ENTRY--TOPICAL TERM (OCLC, RLIN) | |
| Topical term or geographic name as entry element | REGENERATION |
| 942 ## - ADDED ENTRY ELEMENTS (KOHA) | |
| Suppress in OPAC | 0 |
| Withdrawn status | Lost status | Source of classification or shelving scheme | Damaged status | Not for loan | Home library | Current library | Shelving location | Date acquired | Total Checkouts | Full call number | Barcode | Date last seen | Copy number | Price effective from | Koha item type |
|---|---|---|---|---|---|---|---|---|---|---|---|---|---|---|---|
| Dewey Decimal Classification | London | London | News article | 26/06/2003 | WB3924-13 | 122765-1001 | 06/08/2019 | 1 | 06/08/2019 | News article |